000 00912nmc a2200313 a 4500
003 AR-BaBNM
005 20251128203225.0
008 157019s1956 ||||||||||||||000 | spa||
040 _cAR-BaBNM
100 1 _aHernández, José
245 1 0 _aEl gaucho Martín Fierro
_b; La vuelta de Martín Fierro
250 _a7ª ed.
260 _aBuenos Aires
_bSopena Argentina
_c1956
300 _a158 p.
490 0 _aBiblioteca mundial Sopena
500 _aContiene una carta de Miguel Cané dirigida al autor de la obra
650 4 _aLITERATURA ARGENTINA
650 4 _aHISTORIA DE LAS COSTUMBRES
650 4 _aCOSTUMBRES Y TRADICIONES
650 4 _aLITERATURA POPULAR
650 4 _aLITERATURA FOLKLORICA
653 _aGAUCHOS
653 _aLITERATURA GAUCHESCA
655 _aLITERATURA
700 1 _aVillasuso, Ramón
740 0 _aLa vuelta del Martín Fierro
942 _cBK
998 _cMARTIN
999 _c2470
_d2470